000 00468nam a2200157Ia 4500
008 140609s9999 xx 000 0 und d
020 _a9789710723874
050 _aHD 2385.P6
_b.R335 2006
100 _aReynolds, Joseph J.
245 _aBPO :
_bPacific Rim, Inc. /
_cJoseph J. Reynolds, Marlet T. Magno
260 _aQuezon City, Philippines :
_bVibal Publishing,
_cc2006.
300 _a100 p. ;
_c23 cm.
521 _aGE
942 _kLOC
_cBK
999 _c118205
_d118205